Get the Picture: Pixar Characters Quiz Stats

 Plays Quiz Updated Oct 17, 2019

Score 0/16 Timer 01:30
10 Plays Today
Question Answer Wrong Answers
Mr. Potato Head Toy Story
96.7%
Finding Nemo
0.3%
Monsters, Inc.
0.3%
The Incredibles
0.3%
Buzz Lightyear Toy Story
96.6%
Finding Nemo
0.2%
Monsters, Inc.
0.5%
The Incredibles
0.3%
Dory Finding Nemo
96.2%
Toy Story
0.4%
Monsters, Inc.
0.2%
The Incredibles
0.1%
Marlin Finding Nemo
93.2%
Toy Story
1%
Monsters, Inc.
1.7%
The Incredibles
1.4%
Lots-o'-Huggin' Bear Toy Story
92.9%
Finding Nemo
0.4%
Monsters, Inc.
3.4%
The Incredibles
0.9%
Mike Wazowski Monsters, Inc.
91.9%
Toy Story
2.6%
Finding Nemo
0.9%
The Incredibles
2%
Violet Parr The Incredibles
88.5%
Toy Story
1.8%
Finding Nemo
1.6%
Monsters, Inc.
5.2%
Syndrome The Incredibles
84.7%
Toy Story
2.1%
Finding Nemo
2.7%
Monsters, Inc.
7.4%
Edna Mode The Incredibles
83.2%
Toy Story
1.9%
Finding Nemo
1.8%
Monsters, Inc.
10.3%
Stinky Pete Toy Story
83.2%
Finding Nemo
1.8%
Monsters, Inc.
9.1%
The Incredibles
3.1%
Randall Boggs Monsters, Inc.
79.2%
Toy Story
6%
Finding Nemo
2.2%
The Incredibles
9.7%
Screenslaver The Incredibles
70.9%
Toy Story
6.9%
Finding Nemo
2.4%
Monsters, Inc.
16.7%
Henry J. Waternoose Monsters, Inc.
69.9%
Toy Story
5%
Finding Nemo
13.6%
The Incredibles
8.4%
Crush Finding Nemo
64.9%
Toy Story
4.9%
Monsters, Inc.
10.5%
The Incredibles
16.9%
Johnny Worthington Monsters, Inc.
44.6%
Toy Story
9.9%
Finding Nemo
4.4%
The Incredibles
37.7%
Destiny Finding Nemo
40.2%
Toy Story
7.6%
Monsters, Inc.
12.4%
The Incredibles
36.3%

Today's Daily Dose

Missing Word
Celine Dion

Word Ladder
Dr. Seuss Books

Quick Pick
Cities in India

Get the Picture
'A' Actresses

You're not logged in!

Compare scores with friends on all Sporcle quizzes.
OR
Log In

Sporcle TV

Today on Sporcle TV


Watch our educational content, quiz creation guides, and fun videos on Sporcle TV.

Show Comments

Extras

Top Quizzes Today


Score Distribution

Your Account Isn't Verified!

In order to create a playlist on Sporcle, you need to verify the email address you used during registration. Go to your Sporcle Settings to finish the process.

Report this User

Report this user for behavior that violates our Community Guidelines.

Details: